Sears list of subject headings / (Record no. 857)
| 000 -LEADER | |
|---|---|
| fixed length control field | 00750cam a2200241 a 4500 |
| 001 - CONTROL NUMBER | |
| control field | 16107729 |
| 003 - CONTROL NUMBER IDENTIFIER | |
| control field | OSt |
| 005 - DATE AND TIME OF LATEST TRANSACTION | |
| control field | 20140116120840.0 |
| 008 - FIXED-LENGTH DATA ELEMENTS--GENERAL INFORMATION | |
| fixed length control field | 100225s2010 nyu b 000 0 eng |
| 010 ## - LIBRARY OF CONGRESS CONTROL NUMBER | |
| LC control number | 2010005731 |
| 020 ## - INTERNATIONAL STANDARD BOOK NUMBER | |
| International Standard Book Number | 9780824211059 |
| 050 00 - LIBRARY OF CONGRESS CALL NUMBER | |
| Classification number | Z695.Z8S43 2010 |
| 245 00 - TITLE STATEMENT | |
| Title | Sears list of subject headings / |
| Statement of responsibility, etc | Joseph Miller, editor ; Susan McCarthy, associate editor. |
| 250 ## - EDITION STATEMENT | |
| Edition statement | 20th ed. |
| 260 ## - PUBLICATION, DISTRIBUTION, ETC. (IMPRINT) | |
| Place of publication, distribution, etc | New York : |
| Name of publisher, distributor, etc | H.W. Wilson Co., |
| Date of publication, distribution, etc | 2010. |
| 300 ## - PHYSICAL DESCRIPTION | |
| Extent | liii, 847 p. |
| 504 ## - BIBLIOGRAPHY, ETC. NOTE | |
| Bibliography, etc | Includes bibliographical references. |
| 650 #0 - SUBJECT ADDED ENTRY--TOPICAL TERM | |
| Topical term or geographic name as entry element | Subject headings. |
| 700 1# - ADDED ENTRY--PERSONAL NAME | |
| Personal name | Miller, Joseph, |
| Dates associated with a name | 1946- |
| 700 1# - ADDED ENTRY--PERSONAL NAME | |
| Personal name | McCarthy, Susan, |
| Dates associated with a name | 1958- |
| 700 1# - ADDED ENTRY--PERSONAL NAME | |
| Personal name | Sears, Minnie Earl, |
| Dates associated with a name | 1873-1933. |
| Title of a work | Sears list of subject headings. |
| 942 ## - ADDED ENTRY ELEMENTS (KOHA) | |
| Source of classification or shelving scheme | |
| Koha item type | Book |
| Withdrawn status | Lost status | Source of classification or shelving scheme | Damaged status | Not for loan | Home library | Current library | Date acquired | Source of acquisition | Total Checkouts | Full call number | Barcode | Date last seen | Price effective from | Koha item type |
|---|---|---|---|---|---|---|---|---|---|---|---|---|---|---|
| Riara University Library | Riara University Library | 12/01/2012 | Purchase | Z695.Z8S43 2010 | 3109/11 | 12/01/2012 | 12/01/2012 | Book |
